000 00578nam a2200229Ia 4500
003 OSt
005 20220924151555.0
006 a|||||r|||| 00| 0
007 ta
008 220923b |||||||| |||| 00| 0 tel d
024 _a338286
037 _cTextual
040 _aARTS
_cARTS
_btel
041 _2tel
_atel
082 _aQ2:4x, 35L4
100 _aSastry Venkata
_9220886
245 0 _aMonavadharme prakasika
260 _c1974
650 _aTELUGU LANGUAGE
_9155493
942 _hQ2:4x, 35L4
_cTEXL
_2CC
999 _c467056
_d467056